Praxis, Seu, Forma Processualis Fori Spiritualis, In Mariano-Apostolico Hungariae Regno usu recepta Studiosae legum juventuti, Anno Millesimo Septigentesimo Quadragesimo Sexto

Bibliographic Details
Main Authors: Klos, Pavol (Author), Novácky, Mikuláš, ?-1775 (Author)
Corporate Author: Akademická tlačiareň (Trnava, Slovensko) (Printer)
Other Authors: Novaczky, Nicolaus (Dissertant), Majténi, Mikuláš (Dissertant), Gaats, Joannes (Dissertant), Janits, János, 1710-1780
Format: Book
Language:Latin
PhysicalDescription:[8], 248, [4] s. 21 cm
Published: Tyrnaviae Typis Academicis Societatis Jesu Anno MDCCLVI. [=1756]
Subjects:

MARC

LEADER 00000nam a2200000 a 4500
001 vtls011468807
003 SK-MaSNL
005 20260302014140.0
008 200609s1756 xo 001 0 lat
015 |a SNBHFA1756 
020 |q (viaz.) 
035 |a 53A2CA84-74B5-49C2-9624-B59366875CB3 
035 |a urn:nbn:sk:snk-amtinm 
035 |a urn:nbn:sk:snk-am00c4b6 
040 |a SNKHF  |b slo  |c SNK  |e AACR2 
041 0 |a lat 
044 |a xo  |c SK 
072 7 |a 2-74  |x Náboženské právo. Cirkevné právo  |2 konspekt 
080 |a 27-74  |2 2001 
080 |a 348  |2 2001 
080 |a (075)  |2 2001 
100 1 |a Klos, Pavol  |4 aut  |9 288042 
245 1 0 |a Praxis, Seu, Forma Processualis Fori Spiritualis, In Mariano-Apostolico Hungariae Regno usu recepta Studiosae legum juventuti, Anno Millesimo Septigentesimo Quadragesimo Sexto  |c per Paulum Khlósz, Venerabilis Capituli Ecclesiae metropolitanae, & Sacri Consistorii Strigoniensis juratum Notarium, Incylyti Comitatus Comaromiensis Tabulae Judiciariae Assessorem, nec non in Alma, ac Celeberrima Archi-Episcopali Soc. jesu Universitate Tyrnaviensi, Juris Patrii in Praxi Professorem Ord. & causarum per dictum Reg. Hung. Juratum aeque Advocat. publice praelecta, tradita, & explicata 
246 3 5 |a Dum Assertiones Philosophicas In Alma Ac Celeberrima Archi-Episcopali Societas Jesu, Universitate Tyrnaviensi 
260 |a Tyrnaviae  |b Typis Academicis Societatis Jesu  |c Anno MDCCLVI. [=1756] 
300 |a [8], 248, [4] s.  |c 21 cm 
500 |a Živá záhlavie, marginálie, vinety, kustódy, iniciálky na päť riadkov tlačené s pozadím 
500 |a Tézy promočnej tlače 
504 |a Register 
561 |a Pôvodný exlibris: Franciscus Comes Berchtoldt L. B. Ab. Ungerschitz. Abb. Ad S. Salvat. De Kapornak, E. Ms. Canon. Archi-Diac. Barsien. Proto. Not. Apost. Et Per Archi-Diaecesim Strig. In Spirit. Vic. Generalis.  |5 SNK 
561 |a Pečiatka Országos Könyvtári Központ [...] DV 2000  |5 SNK SC 124246 D1 
563 |a Väzba: tmavohnedá hladká koža  |5 SNK SC 124246 D1 
650 0 7 |a kánonické právo  |2 SNKPH  |9 2222 
655 7 |a promočné tlače  |2 SNKPH  |9 73127 
655 7 |a učebnice  |2 SNKPH  |9 22521 
700 1 |a Novácky, Mikuláš,  |d ?-1775  |t Dum Assertiones Philosophicas In Alma Ac Celeberrima Archi-Episcopali Societas Jesu, Universitate Tyrnaviensi  |4 aut  |9 658372 
700 1 |a Berchtold, František,  |d 1730-1793  |4 fmo  |9 166588 
700 1 |a Jaslinský, Andrej,  |d 1715-1784  |4 oth  |9 166757 
700 1 |a Sáárossi, Alexander,  |d 1719-1766  |4 oth  |9 384561 
700 1 |a Revický, Anton,  |d 1713-1781  |4 oth  |9 187418 
700 1 |a Čáki, Mikuláš,  |d 1698-1757  |4 hnr  |9 124188 
700 1 |a Novaczky, Nicolaus  |4 dis  |9 509287 
700 1 |a Čapody, Ľudovít,  |d 1729-1801  |4 oth  |9 158508 
700 1 |a Majténi, Mikuláš  |t Assertiones Theologicae  |4 dis  |9 658373 
700 1 |a Kenereš, Jozef  |4 oth  |9 658374 
700 1 |a Majthényi, Károly,  |d 1721-1792  |4 hnr  |9 520333 
700 1 |a Gaats, Joannes  |4 dis  |9 403267 
700 1 |a Takáts, Martini  |4 oth  |9 658375 
700 1 |a Janits, János,  |d 1710-1780  |9 658376 
700 1 |a Schmidt, Henrich  |4 oth  |9 658377 
700 1 |a Jantek, Georgii  |4 oth  |9 658378 
710 2 |a Akademická tlačiareň (Trnava, Slovensko)  |4 prt  |9 232890 
752 |a Slovensko  |d Trnava 
852 |a snk  |b Historické fondy  |p SC 124246 D2 
958 |a ONDV 
999 |c 1015812  |d 1017742 
952 |a SNK  |b SNK  |y PREZ  |7 0  |p 17A0516869  |o snkSC 124246  |i snk2006/14371  |8 1  |0 0  |1 0  |4 0  |d 2006-07-20  |l 0  |r 2025-06-06 00:00:00  |w 2026-02-24 
952 |a SNK  |b SNK  |y NEVYP  |7 1  |p 17A1121540  |o snkSC 124246 D1  |i snk2015/6250  |8 1  |0 0  |1 0  |4 0  |d 2015-02-20  |l 0  |r 2026-02-24 13:07:38  |w 2026-02-24 
952 |t BE 50  |a SNK  |b SNK  |c SNK_HF  |y PREZ  |7 0  |p 17A1128298  |o snkSC 124246 D2  |i snk2016/1978  |8 5  |0 0  |1 0  |4 0  |d 2016-01-26  |f 1  |l 0  |r 2026-02-24 13:07:38  |w 2026-02-24